[Event "Otocec Krka Terme op"]
[Site "Otocec"]
[Date "2018.12.26"]
[Round "5"]
[White "Levstik, Taja"]
[Black "Sinur, Zarja"]
[Result "1-0"]
[WhiteElo "1588"]
[BlackElo "1477"]
[PlyCount "105"]
[EventDate "2018.12.25"]
[EventType "swiss"]
[EventRounds "9"]
[EventCountry "SLO"]
[SourceTitle "EXT 2020"]
[Source "ChessBase"]
[SourceDate "2019.10.17"]
[SourceVersion "1"]
[SourceVersionDate "2019.10.17"]
[SourceQuality "1"]

1. e4 c5 2. c3 Nf6 3. e5 Ne4 4. d4 d6 5. dxc5 Nxc5 6. Nf3 Bg4 7. Bd3 Bxf3 8. Qxf3 dxe5 9. Bc4 e4 10. Qxf7+ Kd7 11. Qd5+ Ke8 12. Qxc5 Nd7 13. Qd5 e6 14. Qxe6+ Qe7 15. Qxe7+ Bxe7 16. 0-0 Ne5 17. Bb5+ Nd7 18. Re1 a6 19. Bxd7+ Kxd7 20. Rxe4 Bc5 21. b4 Bb6 22. Na3 Rhf8 23. Be3 Bxe3 24. Rxe3 Kc7 25. Re7+ Kd6 26. Rxg7 h6 27. Rd1+ Ke6 28. Rg6+ Kf7 29. Rxh6 Rae8 30. h4 Kg7 31. Rhd6 Re2 32. Rf1 Rxa2 33. Nc4 Rc2 34. Ne5 Rxc3 35. Rfd1 Rc7 36. Rg6+ Kh7 37. h5 Rg7 38. Rxg7+ Kxg7 39. Rd7+ Kh6 40. g4 Kg5 41. Rxb7 Re8 42. Nf7+ Kxg4 43. h6 Kh3 44. Ng5+ Kh4 45. f4 Re1+ 46. Kf2 Rd1 47. h7 Rd2+ 48. Ke3 Rd8 49. Nf7 Re8+ 50. Kf3 Rf8 51. h8Q+ Rxh8 52. Nxh8 Kh5 53. Rh7# 1-0